IAL (Indian Association of Leprologists) hand book of leprosy/ (Record no. 163093)
[ view plain ]
| 000 -LEADER | |
|---|---|
| fixed length control field | 00819nam a22002297a 4500 |
| 005 - DATE AND TIME OF LATEST TRANSACTION | |
| control field | 20190326150352.0 |
| 010 ## - LCCN (DPL NO) | |
| LC control number | ENG-124937 |
| 020 ## - INTERNATIONAL STANDARD BOOK NUMBER | |
| International Standard Book Number | 9789381496480 |
| Terms of availability | 600.00 |
| 035 ## - SYSTEM CONTROL NUMBER | |
| System control number | EN-108469 |
| 037 ## - SOURCE OF ACQUISITION | |
| Source of stock number/acquisition | DBAD/PUB |
| 082 ## - DEWEY DECIMAL CLASSIFICATION NUMBER | |
| Classification number | 614.54 |
| 100 ## - MAIN ENTRY--PERSONAL NAME | |
| Personal name | Bhushan Kumar |
| 245 ## - TITLE STATEMENT | |
| Title | IAL (Indian Association of Leprologists) hand book of leprosy/ |
| Statement of responsibility, etc | by Bhushan Kumar; Tarun Narang; V.V. Dongr [and] Swapan Kumar Samanta |
| 260 ## - PUBLICATION, DISTRIBUTION, ETC. (IMPRINT) | |
| Place of publication, distribution, etc | Mumbai |
| Name of publisher, distributor, etc | Bhalani Publishing House |
| Date of publication, distribution, etc | 2018 |
| 270 ## - ADDRESS | |
| Address | 11 Mavawala Building, Opp. Seth G.S. Medical College & K.E.M. Hospital |
| City | Mumbai |
| Postal code | 400012 |
| Electronic mail address | info@bhalani.com |
| 300 ## - PHYSICAL DESCRIPTION | |
| Extent | xviii, 258p. |
| Dimensions | 28cm.(pbk) |
| Other physical details | ill. |
| 500 ## - GENERAL NOTE | |
| General note | It includes index |
| 700 ## - ADDED ENTRY--PERSONAL NAME | |
| Personal name | Narang, Tarun |
| 700 ## - ADDED ENTRY--PERSONAL NAME | |
| Personal name | Dongr, V.V. |
| 700 ## - ADDED ENTRY--PERSONAL NAME | |
| Personal name | Samanta, Swapan Kumar |
| 942 ## - ADDED ENTRY ELEMENTS (KOHA) | |
| Source of classification or shelving scheme | Dewey Decimal Classification |
| Item type | English Books |
| Classification part | 614.54 |
| Call number suffix | BHU |
| Withdrawn status | Lost status | Not for loan | Collection code | Home library | Current library | Date acquired | Source of acquisition | Cost, normal purchase price | Full call number | Barcode | Copy number | Cost, replacement price | Koha item type |
|---|---|---|---|---|---|---|---|---|---|---|---|---|---|
| Not For Loan | Non-fiction | D.B.Act.Division | Ashok Vihar | 26/03/2019 | DBAD/PUB | 600.00 | 614.54 BHU | EN-108469 | 1 | 600.00 | English Books |
